000 00861cab a2200277 4500
001 ABS54051
008 090401t1995 xxu||||| |||| 00| 0 eng d
035 _a(Sirsi) u8135
041 _aeng
100 _aBrown, S.
245 _aCity review: Dallas
260 _c1995
350 _a0
490 _aNational Real Estate Investor
_v37(11) October 1995, 117-120(3)
520 _aA summary of the property market in Dallas, looking at investment, office rents and residential market.
650 _aDALLAS
650 _aINVESTMENT MARKET
650 _aPROPERTY-COMMERCIAL PROPERTY-OFFICE PROPERTY-OFFICE PROPERTY MARKET
650 _aRESIDENTIAL MARKET
650 _aTEXAS
650 _aUNITED STATES
690 _aPROPERTY-COMMERCIAL PROPERTY-COMMERCIAL PROPERTY MARKET
690 _aOVERSEAS-NORTH AMERICA
942 _n0
948 _c04/03/1997
999 _c4965
_d4965